Chars de Combats tout types, toutes époques #2 - Statistiques

Statistiques générales
  • Ce quiz a été pris 23 fois
  • Le résultat moyen est 4 sur 18
Statistiques - réponses
Par images Réponse % Correct
Maus
95%
AMX 50 Surbaissé
45%
TOG II*
45%
T-67
23%
Type 59
23%
Su-14-2
18%
A33 Excelsior
14%
TKS
14%
43M Zrinyi
9%
Bob Semple tank
9%
LORRAINE 155mm (Prototype 2)
9%
Object 416
9%
T6 Medium
9%
Valentine AT
9%
A38 Valiant
5%
Geschützwagen Tiger
5%
M2020
5%
MBT-2000
5%
Aucun quiz correspondant
Distribution des résultats
% des personnes avec chaque résultat
Percentile par nombre de réponses
Votre historique - résultats
Vous n’avez pas pris ce quiz